000
00264nam a2200097 a 4500
005
20200930070702.0
008
110919s1995 000 spa d
245
0
_a
Celebración de colores 1970-1995.
260
_a
Santiago de los Caballeros,
_c
1995.
999
_c
33484
_d
33484
040
_a
DO-SdBNP